państwa imperium japońskiego - Statystyki

Ogólne statystyki
  • Ten quiz został rozwiązany 20 razy
  • Średni wynik to 15 z 24
Statystyki odpowiedzi
Odpowiedź % Poprawnych
Chiny
100%
Japonia
100%
Rosja
94%
Korea północna
88%
Indonezja
81%
Malezja
81%
Tajwan
81%
Kambodża
75%
Laos
75%
Wietnam
75%
Singapur
69%
Filipiny
63%
Papua nowa gwinea
63%
Brunei
56%
Korea południowa
56%
Mjanma
50%
timor wschodni
50%
Mikronezja
44%
Vanuatu
44%
Wyspy salomona
44%
Nauru
38%
Palau
38%
Wyspy marshalla
31%
Kiribati
25%
Nie znaleziono quizów pasujących do podanych kryteriów
Rozkład punktacji
Procent ludzi z każdym wynikiem
Percentyl według liczby udzielonych odpowiedzi
Twoja historia wyników
Nie rozwiązałeś tego quizu